00587nam a22001937a 450000500170000001000150001702000260003203500140005803700090007208200100008110000250009124500580011626000380017427001060021230000210031849000110033994200240035099900190037420250530103410.0 aENG-145036 c270.00a9789381008546 aEN-128568 bDBAD a230.5 aSai, Vasantha981460 aPrema Sai Avatar Part III:bSai Digest/cVasantha Sai aTamil NadubMukthi Nilayam c2008 aRoyapalayam Village B.O. Tirumangalam S.O. Madurai-Virudhunagar Road, Madurai Dt.bTamil Nadue625706 a251p.:c24cm(pb) vPart 3 2ddccENh230.5mSAI c211458d211458